ქართველური საკუთარი სახელები : (ბიბ.ჩანაწერი № 52960)
[ მარტივი ფორმატი ]
| 000 -ლიდერი | |
|---|---|
| ფიქსირებული სიგრძის საკონტროლო ველი | 01037nam a2200241Ia 4500 |
| 001 - საკონტროლო ნომერი | |
| საკონტროლო ველი | 19991 |
| 003 - საკონტროლო ნომრის იდენტიფიკატორი | |
| საკონტროლო ველი | GE_BSU |
| 005 - ბოლო ოპერაციის თარიღი და დრო | |
| საკონტროლო ველი | 20200527213722.0 |
| 008 - ფიქსირებული სიგრძის მონაცემთა ელემენტები - ზოგადი ინფორმაცია | |
| ფიქსირებული სიგრძის საკონტროლო ველი | 181216s1986||||ge |||||||||||||| ||geo|| |
| 040 ## - კატალოგიზაციის წყარო | |
| Transcribing agency | GE_BSU |
| 041 ## - ენის კოდი | |
| Language code of text/sound track or separate title | geo |
| 080 ## - უნივერსალური ათობითი კლასიფიკაციის ინდექსი | |
| Universal Decimal Classification number | 81'374(038)=353.1'373.23 ღ-73 |
| 100 ## - მთავარი ჩანაწერი - პიროვნების სახელი | |
| Personal name | ღლონტი, ალ. |
| 9 (RLIN) | 1038 |
| 245 ## - ცნობა სათაურის შესახებ | |
| Title | ქართველური საკუთარი სახელები : |
| Remainder of title | ანთროპონიმთა ლექსიკონი / |
| Statement of responsibility, etc | ალ. ღლონტი ; რედ. ნ. თეთრაძე. |
| 250 ## - გამოცემის ცნობა | |
| Edition statement | მე-2 შევსებული გამოემა |
| 264 ## - წარმოების, გამოცემის, დისტრიბუციის და სხვა ცნობები | |
| გამოცემის, წარმოების, დისტრიბუციის... ადგილი | თბილისი : |
| გამოცემის, წარმოების, დისტრიბუციის... სახელწოდება | საბჭ. საქართველო, |
| გამოცემის, წარმოების, დისტრიბუციის... თარიღი | 1986. |
| 300 ## - ფიზიკური აღწერა | |
| Extent | 333გვ. ; |
| Dimensions | 22სმ |
| 653 ## - INDEX TERM--UNCONTROLLED | |
| Uncontrolled term | ქართველური საკუთარი სახელები |
| 653 ## - INDEX TERM--UNCONTROLLED | |
| Uncontrolled term | ქართული ენა |
| 700 ## - ADDED ENTRY--PERSONAL NAME | |
| Personal name | თეთრაძე, ნ. |
| Relator term | რედაქტორი |
| 9 (RLIN) | 5067 |
| 942 ## - ADDED ENTRY ELEMENTS (KOHA) | |
| Koha item type | წიგნი |
| Source of classification or shelving scheme | |
| ჩამოწერის სტატუსი | დაკარგული ეგზემპლარის სტატუსი | კლასიფიკაციის წყარო ან თაროზე გაწყობის სქემა | დაზიანების სტატუსი | არ გაიცემა | მუდმივი მდებარეობა (დაცვის ადგილი) | ამჟამინდელი ადგილსამყოფელი | თაროზე განთავსების ადგილი | შეძენის თარიღი | ღირებულება, შესყიდვის ნორმალური ფასი | სრული შენახვის შიფრი | შტრიხკოდი | ბოლო ოპერაციის თარიღი | ეგზემპლარის მიმდევრობითი ნომერი (კეტერი?) | ფასის ძალაში შესვლის თარიღი | ეგზემპლარის სახეობა | საჯარო შენიშვნა |
|---|---|---|---|---|---|---|---|---|---|---|---|---|---|---|---|---|
| ბათუმის შოთა რუსთაველის სახელმწიფო უნივერსიტეტის მთავარი ბიბლიოთეკა | ბათუმის შოთა რუსთაველის სახელმწიფო უნივერსიტეტის მთავარი ბიბლიოთეკა | წიგნსაცავი | 2018-12-17 | 3.20 | 81'374(038)=353.1'373.23 ღ-73 | 52698 | 2018-12-17 | 52698 | 2018-12-17 | წიგნი | 3.20 ლ. | |||||
| ბათუმის შოთა რუსთაველის სახელმწიფო უნივერსიტეტის მთავარი ბიბლიოთეკა | ბათუმის შოთა რუსთაველის სახელმწიფო უნივერსიტეტის მთავარი ბიბლიოთეკა | წიგნსაცავი | 2018-12-17 | 3.20 | 81'374(038)=353.1'373.23 ღ-73 | 52699 | 2018-12-17 | 52699 | 2018-12-17 | წიგნი | 3.20 ლ | |||||
| ბათუმის შოთა რუსთაველის სახელმწიფო უნივერსიტეტის მთავარი ბიბლიოთეკა | ბათუმის შოთა რუსთაველის სახელმწიფო უნივერსიტეტის მთავარი ბიბლიოთეკა | წიგნსაცავი | 2018-12-17 | 3.20 | 81'374(038)=353.1'373.23 ღ-73 | 52700 | 2018-12-17 | 52700 | 2018-12-17 | წიგნი | 3.20 ლ. | |||||
| ბათუმის შოთა რუსთაველის სახელმწიფო უნივერსიტეტის მთავარი ბიბლიოთეკა | ბათუმის შოთა რუსთაველის სახელმწიფო უნივერსიტეტის მთავარი ბიბლიოთეკა | წიგნსაცავი | 2018-12-17 | 3.20 | 81'374(038)=353.1'373.23 ღ-73 | 52811 | 2018-12-17 | 52811 | 2018-12-17 | წიგნი | 3.20 ლ. | |||||
| ბათუმის შოთა რუსთაველის სახელმწიფო უნივერსიტეტის მთავარი ბიბლიოთეკა | ბათუმის შოთა რუსთაველის სახელმწიფო უნივერსიტეტის მთავარი ბიბლიოთეკა | წიგნსაცავი | 2018-12-17 | 2.00 | 81'374(038)=353.1'373.23 ღ-73 | 52812 | 2018-12-17 | 52812 | 2018-12-17 | წიგნი | 2.00 ლ. |
